| 000 | 00492nam a2200181Ia 4500 | ||
|---|---|---|---|
| 999 |
_c14691 _d14691 |
||
| 003 | OSt | ||
| 005 | 20201027113612.0 | ||
| 008 | 190216s9999||||xx |||||||||||||| ||und|| | ||
| 020 | _a9780330439091 | ||
| 040 | _coclc | ||
| 082 |
_a954 _bBAS/W |
||
| 100 |
_aBasham, A L _93038 |
||
| 245 | 4 |
_aThe Wonder That Was India / _cA L Basham |
|
| 260 |
_bPicador, _c2004. _aLondon: |
||
| 300 | _a572p | ||
| 650 | _aHistory Of India | ||
| 942 |
_cBK _2ddc _h954 _iBAS/W _k954 _mBAS/W |
||